[Event "European Youth Chess Championship B10"]
[Site "Prague, Top Hotel Prague"]
[Date "2016.08.19"]
[Round "2.48"]
[White "Thorisson, Benedikt"]
[Black "Jishkariani, Erekle"]
[Result "0-1"]
[WhiteElo "1265"]
[BlackElo "1505"]
[PlyCount "92"]
[EventDate "2016.08.18"]

1. e4 c5 2. Nf3 e6 3. Be2 d6 4. O-O Nc6 5. Bb5 Bd7 6. Nc3 Qc7 7. d3 Nf6 8. Bg5
Be7 9. Ne2 a6 10. Bxc6 Bxc6 11. Qd2 h6 12. Be3 O-O 13. Ng3 Rad8 14. Rad1 b5 15.
d4 Nxe4 16. Nxe4 Bxe4 17. dxc5 dxc5 18. Qc1 Bd6 19. Bxh6 gxh6 20. Qxh6 Bf4 21.
Ng5 Qe7 22. Rde1 Bxg5 23. Qh3 Bxc2 24. Qg3 Bd3 25. f4 Bxf1 26. Rxf1 Rd5 27. h4
f6 28. fxg5 fxg5 29. Rxf8+ Kxf8 30. Qf3+ Qf7 31. Qg4 Qf5 32. Qg3 Rd1+ 33. Kh2
Qf4 34. Qxf4+ gxf4 35. h5 Rd2 36. Kg1 Rxb2 37. a3 c4 38. h6 c3 39. h7 Kg7 40.
h8=Q+ Kxh8 41. Kh2 c2 42. Kh3 c1=Q 43. Kg4 Qe3 44. Kh5 Rxg2 45. Kh4 Qg3+ 46.
Kh5 Rh2# 0-1

[Event "European Youth Chess Championship B10"]
[Site "Prague, Top Hotel Prague"]
[Date "2016.08.19"]
[Round "2.49"]
[White "Kabadayi, Suleyman Arda"]
[Black "Andreev, Konstantin"]
[Result "1-0"]
[WhiteElo "1487"]
[BlackElo "1206"]
[PlyCount "49"]
[EventDate "2016.08.18"]

1. e4 e5 2. Nf3 Nc6 3. Bb5 a6 4. Ba4 Nf6 5. O-O d6 6. Re1 Bd7 7. c3 b5 8. Bc2
Be7 9. d3 O-O 10. Nbd2 Re8 11. Nf1 h6 12. Ng3 Bf8 13. h3 Ne7 14. a4 Ng6 15. Bb3
Nf4 16. Bxf4 exf4 17. Ne2 g5 18. Qd2 Be7 19. Ned4 c5 20. Nc2 Qc8 21. e5 dxe5
22. Nxe5 Be6 23. Ng6 Bd6 24. Ne5 Qc7 25. Nf3 {scoresheet un-readable} 1-0

[Event "European Youth Chess Championship B10"]
[Site "Prague, Top Hotel Prague"]
[Date "2016.08.19"]
[Round "2.50"]
[White "Springis, Jevgenijs"]
[Black "Aliyev, Farid"]
[Result "0-1"]
[WhiteElo "1261"]
[BlackElo "1482"]
[PlyCount "120"]
[EventDate "2016.08.18"]

1. b4 e5 2. Bb2 Bxb4 3. Bxe5 Nf6 4. Nf3 Nc6 5. Bc3 Bxc3 6. Nxc3 d5 7. e3 O-O 8.
d4 a6 9. a4 Rb8 10. Bd3 Bg4 11. h3 Bh5 12. Rb1 Re8 13. Ne2 Ne4 14. c3 Qf6 15.
Bxe4 dxe4 16. Nd2 Ne7 17. Nxe4 Qc6 18. f3 Nd5 19. Qd2 Qxa4 20. Nc5 Qc6 21. e4
Nf6 22. Nf4 Bg6 23. h4 h6 24. Nxg6 fxg6 25. Qa2+ Kh7 26. Qb3 b5 27. Nd3 Nxe4
28. Ne5 Qxc3+ 29. Qxc3 Nxc3 30. Rc1 b4 31. Kd2 Rb6 32. Nc4 Rc6 33. Na5 Rd6 34.
Nb3 a5 35. Rxc3 bxc3+ 36. Kxc3 Re3+ 37. Kc4 Re2 38. g4 Rf2 39. Rh3 a4 40. Nc1
Rc2+ 41. Kb4 Rxc1 42. Kxa4 Rb6 43. f4 Ra1+ 44. Ra3 Ra6+ 45. Kb4 R1xa3 46. d5
Ra1 47. Kc5 Rc1+ 48. Kd4 Rd6 49. f5 Rd1+ 50. Ke4 R1xd5 51. fxg6+ Kxg6 52. h5+
Kg5 53. Ke3 Kxg4 54. Ke4 c6 55. Ke3 Re6+ 56. Kf2 Rf5+ 57. Kg2 Rf3 58. Kh2 Re2+
59. Kg1 Kg3 60. Kh1 Rf1# 0-1

[Event "European Youth Chess Championship B10"]
[Site "Prague, Top Hotel Prague"]
[Date "2016.08.19"]
[Round "2.51"]
[White "Kopaloff, Liam"]
[Black "Guri, Adrian"]
[Result "1-0"]
[WhiteElo "1479"]
[BlackElo "1202"]
[PlyCount "49"]
[EventDate "2016.08.18"]

1. d4 d5 2. g3 e6 3. Bg2 c6 4. Nf3 f5 5. c4 Nf6 6. Nc3 Bd6 7. Bd2 O-O 8. Qc2
Nbd7 9. O-O b6 10. h4 c5 11. h5 dxc4 12. Qa4 Re8 13. Qc6 Qc7 14. Qxc7 Bxc7 15.
Nb5 Bd8 16. Nd6 Re7 17. Ne5 Rb8 18. Nc6 Ng4 19. Rfd1 Ba6 20. Nxb8 Nxb8 21. f3
Nf6 22. dxc5 bxc5 23. Bf4 Rd7 24. Nxf5 exf5 25. Bxb8 1-0

[Event "European Youth Chess Championship B10"]
[Site "Prague, Top Hotel Prague"]
[Date "2016.08.19"]
[Round "2.52"]
[White "Kanak, Matyas"]
[Black "Kanli, Alperen"]
[Result "1/2-1/2"]
[WhiteElo "1222"]
[BlackElo "1470"]
[PlyCount "46"]
[EventDate "2016.08.18"]

1. e4 e5 2. Nf3 Nc6 3. d4 exd4 4. Nxd4 Nf6 5. Nxc6 bxc6 6. e5 Qe7 7. Qe2 Nd5 8.
c4 Nb6 9. b3 Qe6 10. g3 Bc5 11. Bb2 Bb7 12. Bg2 Bb4+ 13. Nd2 O-O 14. O-O Bxd2
15. Qxd2 Rab8 16. Rfe1 Rfe8 17. Rad1 Ba8 18. Qa5 Rec8 19. a3 Nxc4 20. bxc4 Rxb2
21. Qxa7 Rbb8 22. Qd4 Rd8 23. Qh4 Qe8 1/2-1/2

[Event "European Youth Chess Championship B10"]
[Site "Prague, Top Hotel Prague"]
[Date "2016.08.19"]
[Round "2.53"]
[White "Prieb, Robert"]
[Black "Michaelides, Alexandros"]
[Result "1-0"]
[WhiteElo "1470"]
[BlackElo "1177"]
[PlyCount "57"]
[EventDate "2016.08.18"]

1. d4 e6 2. c4 d5 3. Nc3 c6 4. e3 Bb4 5. Nf3 Nf6 6. Qc2 Nbd7 7. a3 Ba5 8. b4
Bc7 9. c5 e5 10. Be2 O-O 11. O-O Re8 12. a4 e4 13. Nd2 Nf8 14. b5 Ng4 15. g3
Nf6 16. Re1 Qd7 17. bxc6 bxc6 18. a5 Qh3 19. Bf1 Qh6 20. Qa4 Ng4 21. h3 Nd7 22.
hxg4 Nf6 23. g5 Qxg5 24. Qxc6 Bxg3 25. Bg2 Bh3 26. Bxh3 Bh4+ 27. Bg2 Ng4 28.
Re2 Qh5 29. Qxd5 1-0

[Event "European Youth Chess Championship B10"]
[Site "Prague, Top Hotel Prague"]
[Date "2016.08.19"]
[Round "2.54"]
[White "Pistalovic, Slobodan"]
[Black "Fleri, Luke"]
[Result "1-0"]
[WhiteElo "1458"]
[BlackElo "1145"]
[PlyCount "43"]
[EventDate "2016.08.18"]

1. e4 e5 2. Nf3 Nc6 3. d4 d6 4. d5 Nce7 5. Nc3 c6 6. Be2 Nf6 7. O-O Bg4 8. Bc4
b5 9. Be2 b4 10. Nb1 Nxe4 11. dxc6 a6 12. c3 bxc3 13. Qa4 Nf6 14. Nxc3 Ng6 15.
c7+ Qd7 16. Bb5 axb5 17. Qxa8+ Ke7 18. Bg5 Nf4 19. Bxf4 exf4 20. Rfe1+ Be6 21.
c8=Q Qxc8 22. Qxc8 1-0

[Event "European Youth Chess Championship B10"]
[Site "Prague, Top Hotel Prague"]
[Date "2016.08.19"]
[Round "2.55"]
[White "Burdot, Louis"]
[Black "Pilar, Vit"]
[Result "1/2-1/2"]
[WhiteElo "1202"]
[BlackElo "1453"]
[PlyCount "49"]
[EventDate "2016.08.18"]

1. e4 d5 2. exd5 Qxd5 3. Nc3 Qa5 4. d4 Nf6 5. Bd2 c6 6. Bc4 Qc7 7. Nf3 Bg4 8.
Qe2 Nbd7 9. O-O-O e6 10. h3 Bxf3 11. Qxf3 O-O-O 12. Bf4 Qb6 13. Rhe1 Nb8 14.
Rd2 Bb4 15. Bxb8 Kxb8 16. Qg3+ Bd6 17. Qxg7 Bf4 18. Qxf6 Bxd2+ 19. Kxd2 Qxd4+
20. Qxd4 Rxd4+ 21. Bd3 Rg8 22. g3 h6 23. Re4 Rd7 24. Rh4 Rh8 25. Ke3 1/2-1/2

[Event "European Youth Chess Championship B10"]
[Site "Prague, Top Hotel Prague"]
[Date "2016.08.19"]
[Round "2.56"]
[White "Gres, Michal"]
[Black "Thoreux-Josso, Aaron"]
[Result "1-0"]
[WhiteElo "1452"]
[BlackElo "1124"]
[PlyCount "111"]
[EventDate "2016.08.18"]

1. e4 e5 2. Nf3 f5 3. d3 Nf6 4. Nc3 Nc6 5. Bg5 Be7 6. Bxf6 Bxf6 7. exf5 O-O 8.
Qd2 d5 9. g4 e4 10. dxe4 dxe4 11. Qxd8 Rxd8 12. Nxe4 Bxb2 13. Rb1 Ne5 14. Nxe5
Bxe5 15. Bc4+ Kf8 16. Rd1 Rxd1+ 17. Kxd1 Bd7 18. Ke2 Bc6 19. f3 Re8 20. h4 Bf4
21. Bd3 Bxe4 22. fxe4 c5 23. Kf3 Be5 24. g5 a6 25. h5 b5 26. h6 c4 27. Be2 Rc8
28. g6 gxh6 29. Rxh6 Kg7 30. Rxh7+ Kg8 31. Re7 Rc5 32. Re6 Kg7 33. Rxa6 Bc3 34.
Ra7+ Kg8 35. Kg4 Rc8 36. Rd7 Re8 37. Bf3 Bf6 38. Kh5 Bg7 39. Kg5 Kf8 40. f6
Re5+ 41. Kf4 Bxf6 42. Rf7+ Kg8 43. Rxf6 Re7 44. Rf7 Rxf7+ 45. gxf7+ Kxf7 46. e5
c3 47. Bh5+ Ke6 48. Bg4+ Ke7 49. e6 b4 50. Bh3 Kf6 51. Ke4 Ke7 52. Kd5 b3 53.
axb3 Ke8 54. Kd6 Kd8 55. e7+ Ke8 56. Bd7+ 1-0

[Event "European Youth Chess Championship B10"]
[Site "Prague, Top Hotel Prague"]
[Date "2016.08.19"]
[Round "2.57"]
[White "Zlatkov, Anton"]
[Black "Unguroiu, Razvan-Marius"]
[Result "1/2-1/2"]
[WhiteElo "1196"]
[BlackElo "1450"]
[PlyCount "81"]
[EventDate "2016.08.18"]

1. d4 d5 2. Nf3 Nf6 3. e3 Bf5 4. Bd3 Bg6 5. b3 e6 6. Bb2 Be7 7. Nbd2 c5 8. O-O
O-O 9. Ne5 Bxd3 10. Nxd3 Nbd7 11. Ne5 Qc7 12. f4 Rac8 13. c3 Ne8 14. Qg4 Ndf6
15. Qh3 Nd6 16. Rac1 b6 17. Rf3 Nde4 18. Nxe4 Nxe4 19. f5 Ng5 20. Qg4 Nxf3+ 21.
Qxf3 Bf6 22. Ng4 Qe7 23. Rf1 Rcd8 24. Bc1 Rc8 25. Bd2 c4 26. b4 b5 27. e4 Bg5
28. f6 Bxf6 29. Nxf6+ Qxf6 30. Qxf6 gxf6 31. Rxf6 dxe4 32. Bh6 Rfd8 33. Rf4 f5
34. g4 Rd5 35. gxf5 exf5 36. Kf2 Kf7 37. Ke3 Rc6 38. Rh4 Rg6 39. Bf4 Kg8 40.
Rh3 Rg7 41. Rh6 1/2-1/2

[Event "European Youth Chess Championship B10"]
[Site "Prague, Top Hotel Prague"]
[Date "2016.08.19"]
[Round "2.58"]
[White "Christodoulou, Panormitis"]
[Black "Kien, Lancelot"]
[Result "1-0"]
[WhiteElo "1448"]
[BlackElo "1107"]
[PlyCount "119"]
[EventDate "2016.08.18"]

1. e4 e5 2. Nf3 Nc6 3. Bb5 d6 4. d3 Nf6 5. c3 a6 6. Ba4 Bg4 7. Nbd2 Be7 8. h3
Bh5 9. Nf1 d5 10. g4 Bg6 11. Nxe5 Qd6 12. Bxc6+ bxc6 13. Nxg6 hxg6 14. Ng3 Rd8
15. Be3 dxe4 16. dxe4 Qe5 17. Qc2 Bd6 18. f4 Qe7 19. Rd1 g5 20. Nf5 Qxe4 21.
Qxe4+ Nxe4 22. Nxg7+ Kf8 23. Nf5 gxf4 24. Bxf4 Ke8 25. Rd4 Nf6 26. Bxd6 cxd6
27. Nxd6+ Ke7 28. Nf5+ Ke8 29. Rxd8+ Kxd8 30. Ne3 Re8 31. Kd2 Kd7 32. Rd1 Rb8
33. Kc2+ Ke6 34. Nc4 Rh8 35. Rd6+ Ke7 36. Rxc6 Rxh3 37. g5 Ne4 38. g6 fxg6 39.
Rxg6 Rh2+ 40. Kb3 Nc5+ 41. Kb4 Rh5 42. Rc6 Nd3+ 43. Ka3 Rh4 44. Kb3 Rh5 45. Kc2
Nf4 46. Rxa6 Rc5 47. Na3 Rd5 48. b4 Kd7 49. Ra4 Kc6 50. b5+ Kb6 51. Rxf4 Rd6
52. Nc4+ Kc5 53. Nxd6 Kxd6 54. Rb4 Kc7 55. b6+ Kb7 56. a4 Kb8 57. b7 Kc7 58.
b8=Q+ Kc6 59. Rd4 Kc5 60. Qb5# 1-0

[Event "European Youth Chess Championship B10"]
[Site "Prague, Top Hotel Prague"]
[Date "2016.08.19"]
[Round "2.59"]
[White "Shelukhin, Ivan"]
[Black "Sorensen, Marius Boss"]
[Result "0-1"]
[WhiteElo "1158"]
[BlackElo "1447"]
[PlyCount "36"]
[EventDate "2016.08.18"]

1. e4 c5 2. Nf3 Nc6 3. d4 cxd4 4. Nxd4 Nf6 5. Nc3 e5 6. Nf3 Bb4 7. Bd2 Bxc3 8.
Bxc3 Nxe4 9. Nxe5 Nxe5 10. Bxe5 Qa5+ 11. Bc3 Nxc3 12. Qd2 Qe5+ 13. Be2 Nxe2 14.
Qxe2 Qxe2+ 15. Kxe2 O-O 16. Rad1 Re8+ 17. Kf1 b6 18. Kg1 a5 0-1

[Event "European Youth Chess Championship B10"]
[Site "Prague, Top Hotel Prague"]
[Date "2016.08.19"]
[Round "2.60"]
[White "Simon, Leonard"]
[Black "Rousis, Chrysostomos"]
[Result "0-1"]
[WhiteElo "1135"]
[BlackElo "1443"]
[PlyCount "48"]
[EventDate "2016.08.18"]

1. e4 c6 2. d4 d5 3. Nc3 dxe4 4. Nxe4 Bf5 5. Ng3 Bg6 6. Nf3 Nd7 7. Bf4 e6 8.
Bc4 Ngf6 9. O-O Be7 10. Re1 O-O 11. Qd2 Rc8 12. Bb3 a5 13. Rad1 b5 14. a4 Qb6
15. axb5 cxb5 16. c3 a4 17. Bc2 Bxc2 18. Qxc2 Nd5 19. Be5 Nxe5 20. Nxe5 Rc7 21.
Qe4 a3 22. Rd3 axb2 23. Rd2 Nxc3 24. h3 Nxe4 0-1

[Event "European Youth Chess Championship B10"]
[Site "Prague, Top Hotel Prague"]
[Date "2016.08.19"]
[Round "2.61"]
[White "Pilalis, Ernestos"]
[Black "Fatalizade, Murad"]
[Result "0-1"]
[WhiteElo "1107"]
[BlackElo "1440"]
[PlyCount "68"]
[EventDate "2016.08.18"]

1. e4 c5 2. Nf3 a6 3. d4 cxd4 4. Nxd4 Nf6 5. Nc3 e5 6. Nf3 Bb4 7. Bd3 d5 8.
exd5 Bxc3+ 9. bxc3 e4 10. Qe2 O-O 11. Bxe4 Nxe4 12. Qxe4 Re8 13. Ne5 f6 14. f4
Nd7 15. O-O fxe5 16. fxe5 Rxe5 17. Qf3 Re8 18. Bb2 Rf8 19. Qe3 Qb6 20. Qxb6
Nxb6 21. Ba3 Rxf1+ 22. Rxf1 Bd7 23. Bc5 Nxd5 24. Rd1 Bc6 25. c4 Nf6 26. h3 Rc8
27. Bb6 Be4 28. c3 Rxc4 29. a4 h6 30. Rd8+ Kh7 31. Rd4 Rxd4 32. cxd4 Nd5 33.
Bc5 b5 34. axb5 axb5 0-1

[Event "European Youth Chess Championship B10"]
[Site "Prague, Top Hotel Prague"]
[Date "2016.08.19"]
[Round "2.62"]
[White "Tajovsky, Simon"]
[Black "Vergara, Anton Diego"]
[Result "0-1"]
[WhiteElo "1106"]
[BlackElo "1436"]
[PlyCount "58"]
[EventDate "2016.08.18"]

1. d4 d5 2. c4 e6 3. Nc3 Nf6 4. Nf3 Be7 5. Bg5 Nbd7 6. e3 b6 7. Bd3 Bb7 8. O-O
O-O 9. Qe2 Ne4 10. Bf4 Ndf6 11. Rfd1 Bd6 12. Ne5 Qe7 13. Rac1 Rac8 14. Nb5 a6
15. Nxd6 cxd6 16. Nf3 Ng4 17. Rf1 dxc4 18. Bxe4 Bxe4 19. Nd2 Bd3 20. Qxg4 Bxf1
21. Kxf1 d5 22. Nf3 f6 23. h3 Rf7 24. Ng1 Rcf8 25. Ne2 Qb4 26. Nc3 Qxb2 27. e4
e5 28. dxe5 fxe5 29. Bh6 Qxf2# 0-1

[Event "European Youth Chess Championship B10"]
[Site "Prague, Top Hotel Prague"]
[Date "2016.08.19"]
[Round "2.64"]
[White "Goncharenko, Oleksii"]
[Black "Ruggiero, Alessandro"]
[Result "1-0"]
[WhiteElo "1418"]
[BlackElo "1102"]
[PlyCount "39"]
[EventDate "2016.08.18"]

1. d4 d5 2. c4 e6 3. Nc3 Nf6 4. Bg5 Be7 5. e3 O-O 6. Nf3 Nbd7 7. Bd3 c5 8. cxd5
exd5 9. dxc5 Nxc5 10. Bc2 b6 11. O-O Ba6 12. Re1 Bb7 13. Nd4 a6 14. Nf5 Bc8 15.
Ne2 h6 16. Bh4 Ncd7 17. Ned4 Ne5 18. b3 Ng6 19. Nxe7+ Qxe7 20. Nf5 1-0

[Event "European Youth Chess Championship B10"]
[Site "Prague, Top Hotel Prague"]
[Date "2016.08.19"]
[Round "2.66"]
[White "Yudin, Yakov"]
[Black "Dieguez, Novoa Benjamin"]
[Result "0-1"]
[WhiteElo "1407"]
[BlackElo "1068"]
[PlyCount "62"]
[EventDate "2016.08.18"]

1. e4 c6 2. d4 d5 3. e5 Bf5 4. Nf3 e6 5. Be2 Ne7 6. O-O Ng6 7. Nbd2 Be7 8. Nb3
Nd7 9. a4 a5 10. Bd2 Qc7 11. Bc3 O-O 12. Qd2 b6 13. Rac1 h6 14. Bd3 Bg4 15. Ra1
Bxf3 16. gxf3 Bg5 17. Qd1 Qd8 18. Bd2 Bf4 19. Bxf4 Nxf4 20. Kh1 f6 21. Qd2 fxe5
22. dxe5 Nxe5 23. Be2 Neg6 24. Bd3 Nh4 25. Qe3 Nh3 26. Qxe6+ Kh8 27. Qxh3 Rxf3
28. Qg4 c5 29. Bb5 d4 30. Rae1 Qd5 31. Qxh4 Rf4+ 0-1

[Event "European Youth Chess Championship B10"]
[Site "Prague, Top Hotel Prague"]
[Date "2016.08.20"]
[Round "3.1"]
[White "Tyurin, Artem"]
[Black "Makoveev, Ilya"]
[Result "1-0"]
[WhiteElo "1766"]
[BlackElo "2186"]
[PlyCount "65"]
[EventDate "2016.08.18"]

1. e4 e5 2. Nf3 Nc6 3. Bb5 a6 4. Ba4 Nf6 5. O-O Be7 6. Re1 b5 7. Bb3 d6 8. c3
O-O 9. h3 Bb7 10. d4 Re8 11. Ng5 Rf8 12. Nf3 h6 13. Nbd2 Re8 14. Nf1 exd4 15.
cxd4 Na5 16. Bc2 Bf8 17. Ng3 c5 18. d5 g6 19. b3 Bg7 20. Bb2 Rc8 21. Qd2 Kh7
22. h4 Ba8 23. Rab1 b4 24. h5 Nd7 25. Qf4 Qe7 26. Bxg7 Kxg7 27. Qg4 Kh7 28. e5
Rg8 29. hxg6+ fxg6 30. exd6 Qxd6 31. Re6 Nf6 32. Qh4 Qxd5 33. Qxf6 1-0

[Event "European Youth Chess Championship B10"]
[Site "Prague, Top Hotel Prague"]
[Date "2016.08.20"]
[Round "3.2"]
[White "Murzin, Volodar"]
[Black "Davtyan, Arsen"]
[Result "1/2-1/2"]
[WhiteElo "2080"]
[BlackElo "1752"]
[PlyCount "62"]
[EventDate "2016.08.18"]

1. Nf3 d5 2. g3 c6 3. Bg2 Bg4 4. O-O Nd7 5. c4 e6 6. cxd5 cxd5 7. Nc3 Ngf6 8.
d3 Be7 9. e4 d4 10. Ne2 Bxf3 11. Bxf3 e5 12. Bg2 O-O 13. h3 Qb6 14. f4 Rfd8 15.
f5 h5 16. Kh1 Nc5 17. Ng1 Qb5 18. Rf3 Rac8 19. Qe2 Ncxe4 20. dxe4 Qxe2 21. Nxe2
d3 22. Nc3 d2 23. Rf1 Rxc3 24. Bxd2 Rc4 25. b3 Rcd4 26. Bg5 R8d7 27. Rfe1 Bb4
28. Re2 Bd2 29. Bxf6 gxf6 30. Kh2 Rc7 31. h4 Rc3 1/2-1/2

[Event "European Youth Chess Championship B10"]
[Site "Prague, Top Hotel Prague"]
[Date "2016.08.20"]
[Round "3.3"]
[White "Georgiev, Konstantin"]
[Black "Kostolansky, Sebastian Lukas"]
[Result "0-1"]
[WhiteElo "1760"]
[BlackElo "2015"]
[PlyCount "112"]
[EventDate "2016.08.18"]

1. e4 e6 2. d4 d5 3. Nd2 c5 4. c3 cxd4 5. cxd4 Nc6 6. Ngf3 Nf6 7. e5 Nd7 8. Bd3
Qb6 9. Nb3 a5 10. Be3 a4 11. Nbd2 Be7 12. O-O Qxb2 13. Qe2 O-O 14. h3 Qb6 15.
Rab1 Qa7 16. Bb5 Nb6 17. Nh2 f5 18. f4 Bd7 19. Nhf3 Rad8 20. Ne1 Na8 21. Ndf3
Nc7 22. Bd3 Nb4 23. Nc2 Nxd3 24. Qxd3 Rc8 25. Rfc1 Nb5 26. Bd2 Rc4 27. Ne3
Rxc1+ 28. Rxc1 Bc6 29. Nc2 h6 30. Nb4 Bd7 31. Kh2 Qb6 32. Be1 Na7 33. a3 Bb5
34. Qb1 Nc6 35. Nxc6 bxc6 36. Bb4 Qa7 37. g3 Rb8 38. Bxe7 Qxe7 39. Qb2 Rb7 40.
Qc3 Qf8 41. Nh4 Bc4 42. Qa1 Rb3 43. Rc3 Qb8 44. Rc2 Qb6 45. g4 fxg4 46. hxg4
Rb1 47. Qc3 Qb3 48. f5 Qxc3 49. Rxc3 Rb2+ 50. Kg3 Rb3 51. Rf3 Be2 52. f6 Bxf3
53. Nxf3 gxf6 54. Kf4 Kf7 55. exf6 Kxf6 56. Ne5 Rxa3 0-1

[Event "European Youth Chess Championship B10"]
[Site "Prague, Top Hotel Prague"]
[Date "2016.08.20"]
[Round "3.4"]
[White "Spizharny, Mikhail"]
[Black "Ponomarev, Grigori"]
[Result "1-0"]
[WhiteElo "1754"]
[BlackElo "1978"]
[PlyCount "119"]
[EventDate "2016.08.18"]

1. e4 c5 2. Nf3 Nc6 3. Bb5 g6 4. Bxc6 bxc6 5. O-O Bg7 6. Re1 Nf6 7. e5 Nd5 8.
c4 Nc7 9. d4 cxd4 10. Qxd4 O-O 11. Qh4 Ne6 12. Nc3 f6 13. exf6 Bxf6 14. Ng5
Nxg5 15. Bxg5 Bxg5 16. Qxg5 e6 17. Qxd8 Rxd8 18. c5 Rb8 19. b3 Kf7 20. Rad1 Ke7
21. Rd6 Rf8 22. Re5 Rf5 23. Rxf5 gxf5 24. f4 Rb4 25. g3 Ba6 26. Kf2 Bb5 27. Ke3
a5 28. Kd2 a4 29. Kc2 axb3+ 30. axb3 Ba6 31. Na4 Bc8 32. Kc3 Re4 33. Nb6 Kd8
34. Nc4 Ba6 35. Ne5 Bc8 36. Nxc6+ Kc7 37. Ne5 Re3+ 38. Rd3 Re2 39. Rd2 Re3+ 40.
Kb2 Re4 41. Ka3 h5 42. b4 h4 43. Rd3 Re2 44. h3 Rf2 45. gxh4 Rxf4 46. Ng6 Rf1
47. h5 Rg1 48. Ne5 Rg5 49. h6 Rh5 50. b5 Rxh6 51. b6+ Kb8 52. Nxd7+ Bxd7 53.
Rxd7 e5 54. Kb4 f4 55. Kb5 f3 56. Rd8+ Kb7 57. c6+ Rxc6 58. Rd7+ Rc7 59. Rxc7+
Kb8 60. Rf7 1-0

[Event "European Youth Chess Championship B10"]
[Site "Prague, Top Hotel Prague"]
[Date "2016.08.20"]
[Round "3.5"]
[White "Razafindratsima, Timothe"]
[Black "Stalmach, Richard"]
[Result "1-0"]
[WhiteElo "1938"]
[BlackElo "1735"]
[PlyCount "87"]
[EventDate "2016.08.18"]

1. e4 e6 2. d4 d5 3. Bd3 Nf6 4. e5 Nfd7 5. f4 c5 6. c3 Nc6 7. Nf3 a6 8. O-O b5
9. a3 Qb6 10. Bc2 Bb7 11. Be3 f6 12. Kh1 O-O-O 13. b4 cxd4 14. cxd4 Be7 15. Qe2
g5 16. fxg5 fxe5 17. dxe5 d4 18. Bf2 Ndxe5 19. Nxe5 Nxe5 20. Qxe5 Qc6 21. Be4
Qxe4 22. Rc1+ Kd7 23. Rc7+ Ke8 24. Qxh8+ Kf7 25. Qf6+ Kg8 26. Qf3 Qxf3 27. gxf3
Bxf3+ 28. Kg1 Bd6 29. Ra7 d3 30. Nd2 Be5 31. Re1 Be2 32. Be3 Rc8 33. Kf2 h5 34.
Rxe2 dxe2 35. Kxe2 Bxh2 36. Rxa6 Kf7 37. Ra7+ Kg6 38. Nf3 Bg3 39. Nd4 h4 40.
Ra6 h3 41. Rxe6+ Kf7 42. Rf6+ Kg8 43. Rh6 h2 44. Nf5 1-0

[Event "European Youth Chess Championship B10"]
[Site "Prague, Top Hotel Prague"]
[Date "2016.08.20"]
[Round "3.6"]
[White "Siniauski, Artsiom"]
[Black "Lystsov, Leonid"]
[Result "1-0"]
[WhiteElo "1840"]
[BlackElo "1705"]
[PlyCount "119"]
[EventDate "2016.08.18"]

1. e4 c5 2. Nf3 Nc6 3. Bc4 g6 4. c3 Bg7 5. d4 d6 6. O-O cxd4 7. cxd4 Nf6 8. d5
Na5 9. Bd3 O-O 10. Nc3 b6 11. h3 Nb7 12. Be3 Nc5 13. Nd4 Nxd3 14. Qxd3 Nd7 15.
Nc6 Qe8 16. Rac1 Nc5 17. Qc2 a6 18. b4 Nd7 19. Ne2 Bb7 20. Ned4 Rc8 21. Qd2 Ne5
22. Na7 Rxc1 23. Rxc1 b5 24. f4 Nc4 25. Qd3 Nxe3 26. Qxe3 Qd7 27. Ndc6 e6 28.
Qb6 exd5 29. Na5 Ba8 30. exd5 Bxd5 31. Rd1 Qe6 32. Qf2 Qe4 33. a3 Re8 34. Kh2
f5 35. Kh1 Kh8 36. Qd2 Ba8 37. Kh2 Bd4 38. Qxd4+ Qxd4 39. Rxd4 Re2 40. N5c6 Re6
41. Kg1 Kg7 42. Kf2 Kf8 43. Rd2 Ke8 44. Rc2 h6 45. Nb8 Re7 46. Rc8+ Kf7 47.
Nbc6 Bxc6 48. Nxc6 Re4 49. g3 Rc4 50. Ke2 Rc2+ 51. Kd3 Rg2 52. Rc7+ Kf8 53. Kd4
Rxg3 54. Kd5 Rxh3 55. Kxd6 Rxa3 56. Ne5 Ra2 57. Nxg6+ Kg8 58. Ke6 Rd2 59. Ne7+
Kh8 60. Nd5 1-0

[Event "European Youth Chess Championship B10"]
[Site "Prague, Top Hotel Prague"]
[Date "2016.08.20"]
[Round "3.7"]
[White "Dobre, Radu-Fabian"]
[Black "Vasilyev, Alexey"]
[Result "0-1"]
[WhiteElo "1718"]
[BlackElo "1838"]
[PlyCount "68"]
[EventDate "2016.08.18"]

1. e4 c5 2. Nf3 e6 3. c3 Nc6 4. d4 cxd4 5. cxd4 d5 6. e5 Nge7 7. Nc3 Nf5 8. Be3
Be7 9. Bd3 h6 10. a3 O-O 11. O-O Kh8 12. b4 a6 13. Qb3 Qe8 14. Rab1 b5 15. Rfc1
Nxe3 16. fxe3 f5 17. exf6 Rxf6 18. e4 Rxf3 19. gxf3 Nxd4 20. Qd1 Bg5 21. Bf1
Bxc1 22. Rxc1 e5 23. Nxd5 Bb7 24. Nc3 Qg6+ 25. Bg2 Rf8 26. Kh1 Qh5 27. Nd5 Nxf3
28. h3 Qh4 29. Qf1 Qg3 30. Bxf3 Rxf3 31. Qg1 Qh4 32. Rc7 Rxh3+ 33. Kg2 Bxd5 34.
exd5 Rg3+ 0-1

[Event "European Youth Chess Championship B10"]
[Site "Prague, Top Hotel Prague"]
[Date "2016.08.20"]
[Round "3.8"]
[White "Lazavik, Denis"]
[Black "Yoon, Jacob D"]
[Result "0-1"]
[WhiteElo "1704"]
[BlackElo "1823"]
[PlyCount "174"]
[EventDate "2016.08.18"]

1. d4 e6 2. c4 b6 3. Nc3 Bb7 4. e4 Bb4 5. Bd3 f5 6. Qe2 Nf6 7. f3 fxe4 8. fxe4
Bxc3+ 9. bxc3 d6 10. Nf3 O-O 11. O-O Nbd7 12. Bg5 e5 13. Rad1 Qe7 14. d5 Nc5
15. Nh4 Bc8 16. Rf2 Bg4 17. Nf3 h6 18. Bc1 Nh5 19. h3 Bd7 20. Kh2 Nf4 21. Bxf4
Rxf4 22. Rdf1 Raf8 23. Bc2 Qf7 24. Qe3 Bc8 25. Qe1 Ba6 26. Qe2 Qh5 27. Kg1 Qf7
28. Nd2 Rxf2 29. Qxf2 Qxf2+ 30. Rxf2 Rxf2 31. Kxf2 Kf7 32. h4 g6 33. g3 Kf6 34.
Kf3 g5 35. Kf2 Kg6 36. Kg2 Kh5 37. Bd1+ Kg6 38. Bc2 Bc8 39. hxg5 hxg5 40. Kf3
Kh5 41. Kg2 a5 42. Nb1 Bd7 43. Na3 Nb7 44. Kf2 Nd8 45. Bd1+ Kg6 46. Bc2 Nf7 47.
Bd1 Nh6 48. Kg2 Ng8 49. Kf2 Nf6 50. Ke3 Kf7 51. Nb1 Ke7 52. Nd2 Kd8 53. Nf1 Kc8
54. Nd2 Kb7 55. Nb1 c6 56. Ba4 g4 57. Nd2 Nh7 58. Nf1 Nf6 59. Nh2 Be8 60. Bd1
cxd5 61. cxd5 Bd7 62. c4 Ka6 63. Be2 Kb7 64. Bd1 Kc7 65. Nf1 b5 66. cxb5 Bxb5
67. Nh2 Bd7 68. Kd3 Kb6 69. Be2 Bb5+ 70. Ke3 Bxe2 71. Kxe2 Nxe4 72. Nxg4 Nxg3+
73. Kd3 Kc5 74. Ne3 Nh5 75. Nc4 Nf4+ 76. Kc3 Nxd5+ 77. Kd3 Nb4+ 78. Kc3 Nxa2+
79. Kb3 a4+ 80. Kxa2 Kxc4 81. Ka3 e4 82. Kxa4 e3 83. Ka3 e2 84. Kb2 e1=Q 85.
Kc2 Qe2+ 86. Kb1 Kb3 87. Kc1 Qc2# 0-1

[Event "European Youth Chess Championship B10"]
[Site "Prague, Top Hotel Prague"]
[Date "2016.08.20"]
[Round "3.9"]
[White "Rozen, Eytan"]
[Black "Mitusov, Semen"]
[Result "1/2-1/2"]
[WhiteElo "1702"]
[BlackElo "1783"]
[PlyCount "95"]
[EventDate "2016.08.18"]

1. e4 e5 2. Nf3 Nc6 3. Bc4 Bc5 4. c3 Qe7 5. d3 Nf6 6. Be3 Bb6 7. h3 d6 8. Bb3
h6 9. Nbd2 Be6 10. Qe2 O-O-O 11. O-O-O d5 12. Bxb6 axb6 13. exd5 Bxd5 14. Bxd5
Nxd5 15. g3 Rhe8 16. Rhe1 f6 17. Nc4 Qd7 18. h4 b5 19. Ncd2 b6 20. Nb3 Kb7 21.
a3 Nde7 22. d4 Qd5 23. Kc2 exd4 24. Nbxd4 Nf5 25. Qf1 Nfxd4+ 26. Nxd4 Nxd4+ 27.
Rxd4 Qf5+ 28. Kc1 Rxd4 29. Rxe8 Rd3 30. Qg2+ Qf3 31. Qxf3+ Rxf3 32. Re2 Kc6 33.
Kc2 Kd6 34. Kd2 c5 35. Kc2 h5 36. Kd1 Kd5 37. Rd2+ Ke6 38. Ke2 Rf5 39. f4 g5
40. Ke3 gxf4+ 41. gxf4 Rd5 42. Rxd5 Kxd5 43. Kd3 Kd6 44. Ke4 Ke6 45. b4 c4 46.
f5+ Ke7 47. Kd5 Kd7 48. Kd4 1/2-1/2